| 000 | 01076cam a2200301 4500 | ||
|---|---|---|---|
| 008 | 011116n2001 000 0 eng u | ||
| 020 | _a1841131253 | ||
| 035 | _a(Sirsi) u115614 | ||
| 050 | _a346.043 | ||
| 100 |
_aCooke, E. _xEditor |
||
| 245 | _aModern studies in property law. Volume 1 : property 2000 | ||
| 260 |
_aOxford, USA _bHart Publishing _c2001 |
||
| 300 | _axli, 378p. ; 24cm. | ||
| 350 | _a40.00 | ||
| 520 | _aA collection of papers given at the third biennial conference of the Centre for Property Law at the University of Reading held in March 2000. The papers include talks from speakers from around the world and focus on issues as varied as human rights, electronic conveyancing, land registration, trusts and mortgages. | ||
| 650 | _aPROPERTY LAW | ||
| 650 | _aINTERNATIONAL PROPERTY | ||
| 650 | _aTRUSTS | ||
| 650 | _aMORTGAGES | ||
| 650 | _aCONVEYANCING | ||
| 650 | _aHUMAN RIGHTS | ||
| 650 | _aLAND LAW | ||
| 650 | _aEUROPE | ||
| 650 | _aINTERNATIONAL | ||
| 650 | _aLANDLORD AND TENANT LAW | ||
| 690 | _aPROPERTY | ||
| 942 | _n0 | ||
| 999 |
_c101771 _d101771 |
||